[Event "First Saturday 2010 marcius IM"]
[Site "Budapest"]
[Date "2010.03.06"]
[Round "1"]
[White "Nguyen Thi May, Hung"]
[Black "Tran Tuan, Minh"]
[Result "1/2-1/2"]
[WhiteElo "2224"]
[BlackElo "2203"]
[PlyCount "102"]
[EventDate "2010.03.06"]

1. d4 e6 2. c4 Nf6 3. Nc3 Bb4 4. Qc2 c5 5. e3 Nc6 6. Nf3 d5 7. Bd2 cxd4 8. exd4
O-O 9. cxd5 exd5 10. h3 Re8+ 11. Be2 Ne4 12. O-O Bf5 13. Qd1 Qa5 14. Nxe4 dxe4
15. Bxb4 Qxb4 16. Nh4 Nxd4 17. Nxf5 Nxf5 18. Qd5 g6 19. Bc4 Re7 20. Rfe1 Rae8
21. Bb3 Qd4 22. Re2 Qxd5 23. Bxd5 b6 24. Rae1 e3 25. g4 exf2+ 26. Kxf2 Rxe2+
27. Rxe2 Rxe2+ 28. Kxe2 Ne7 29. Bc4 Kg7 30. Ke3 f5 31. Kf4 fxg4 32. hxg4 h6 33.
Ke5 h5 34. Kd6 Kf8 35. gxh5 gxh5 36. Kc7 h4 37. Kb7 Nf5 38. Kxa7 Nd6 39. Bf1 b5
40. b3 Ke7 41. Bg2 h3 42. Bxh3 b4 43. Kb6 Ne4 44. Ka5 Nc3 45. Kxb4 Nxa2+ 46.
Kc4 Kd6 47. Bf5 Kc6 48. Bb1 Nc1 49. b4 Ne2 50. Be4+ Kb6 51. Bf3 Nf4 1/2-1/2

[Event "First Saturday 2010 marcius IM"]
[Site "Budapest"]
[Date "2010.03.06"]
[Round "1"]
[White "Szalanczy, Emil"]
[Black "Turzo, Attila"]
[Result "1/2-1/2"]
[WhiteElo "2280"]
[BlackElo "2290"]
[PlyCount "42"]
[EventDate "2010.03.06"]

1. d4 d5 2. Nf3 Nf6 3. c4 c6 4. cxd5 cxd5 5. Nc3 Nc6 6. Bf4 Bf5 7. e3 e6 8. Bd3
Bxd3 9. Qxd3 Bd6 10. Bxd6 Qxd6 11. O-O O-O 12. Rfc1 Rac8 13. Na4 Nd7 14. Nc5
Nxc5 15. Rxc5 Rc7 16. Rac1 Rfc8 17. a3 Nb8 18. Qc3 Na6 19. Rxc7 Qxc7 20. Qxc7
Rxc7 21. Rxc7 Nxc7 1/2-1/2

[Event "First Saturday 2010 marcius IM"]
[Site "Budapest"]
[Date "2010.03.06"]
[Round "1"]
[White "Baba, Masahiro"]
[Black "Farago, Sandor"]
[Result "0-1"]
[WhiteElo "2213"]
[BlackElo "2256"]
[PlyCount "100"]
[EventDate "2010.03.06"]

1. e4 c5 2. Nf3 d6 3. d4 cxd4 4. Nxd4 Nf6 5. Nc3 a6 6. Bc4 e6 7. Bb3 Be7 8. O-O
O-O 9. Qf3 Nbd7 10. Qg3 Nc5 11. Bh6 Ne8 12. Be3 Bh4 13. Qf3 Bf6 14. Rad1 Qc7
15. Qg3 b5 16. a3 Nxb3 17. cxb3 Bb7 18. Rc1 Qe7 19. f4 g6 20. f5 Be5 21. Qh3
Ng7 22. Qh6 exf5 23. exf5 Nh5 24. Rce1 Bg7 25. f6 Bxf6 26. Nf5 Qd8 27. Rd1 Be5
28. Nd5 Bxd5 29. Rxd5 Rc8 30. Rfd1 Qf6 31. Nxd6 Rc2 32. Ne4 Bxh2+ 33. Kxh2 Qh4+
34. Kg1 Qxe4 35. R5d2 Re8 36. Bf2 Nf4 37. Qg5 h6 38. Qg3 Rxd2 39. Rxd2 Ne2+ 40.
Rxe2 Qxe2 41. Qf4 Qd1+ 42. Kh2 Qh5+ 43. Kg1 Rd8 44. Be3 g5 45. Qe5 Qh4 46. Kf1
Qg4 47. Kf2 Qe6 48. Qc3 Qf5+ 49. Ke2 Qe4 50. Kf2 Rd3 0-1

[Event "First Saturday 2010 marcius IM"]
[Site "Budapest"]
[Date "2010.03.06"]
[Round "1"]
[White "Lyell, Mark"]
[Black "Kojima, Shinya"]
[Result "1-0"]
[WhiteElo "2179"]
[BlackElo "2312"]
[PlyCount "79"]
[EventDate "2010.03.06"]

1. e4 c5 2. Nc3 Nc6 3. Bb5 Nd4 4. Bc4 e6 5. Nge2 Nf6 6. O-O a6 7. d3 b5 8. Bb3
Nxb3 9. axb3 Bb7 10. f4 d5 11. e5 d4 12. exf6 dxc3 13. f5 e5 14. Nxc3 Qd4+ 15.
Kh1 gxf6 16. Qe2 Rg8 17. Ne4 Be7 18. Be3 Bxe4 19. Bxd4 Bxg2+ 20. Qxg2 Rxg2 21.
Kxg2 cxd4 22. Kf3 Bb4 23. Rg1 Ke7 24. Rg7 h6 25. Rag1 Bd2 26. h4 Be3 27. R1g2
a5 28. Rg8 Ra7 29. Rb8 b4 30. Rgg8 Bc1 31. Ra8 Rxa8 32. Rxa8 Bxb2 33. Rxa5 Kf8
34. Rb5 Bc3 35. Rb8+ Ke7 36. Rb7+ Kf8 37. h5 Bd2 38. Ke4 Be1 39. Kd5 Ke8 40.
Kc5 1-0

[Event "First Saturday 2010 marcius IM"]
[Site "Budapest"]
[Date "2010.03.06"]
[Round "1"]
[White "Arsenault, Nicholas"]
[Black "Lengyel, Bela"]
[Result "1/2-1/2"]
[WhiteElo "2153"]
[BlackElo "2267"]
[PlyCount "107"]
[EventDate "2010.03.06"]

1. e4 e5 2. Nf3 Nc6 3. Nc3 Nf6 4. g3 d5 5. exd5 Nxd5 6. Bg2 Nxc3 7. bxc3 Bd6 8.
O-O O-O 9. d3 Bd7 10. Ng5 h6 11. Ne4 f5 12. Nxd6 cxd6 13. Rb1 b6 14. Bd5+ Kh7
15. f4 Rc8 16. Bd2 Ne7 17. Bg2 Bc6 18. Bxc6 Nxc6 19. Qf3 d5 20. fxe5 Nxe5 21.
Qf4 Ng6 22. Qd4 Rc7 23. Rb5 Rd7 24. a4 Ne7 25. Qh4 Nc6 26. Qxd8 Rdxd8 27. Re1
Rd7 28. Re6 Rc8 29. Kf2 Kg8 30. Re2 Kf7 31. Rb1 Re8 32. Rxe8 Kxe8 33. Re1+ Kf7
34. Rf1 h5 35. Ke2 Ke6 36. Bf4 g6 37. Kd2 Kf6 38. h4 Kf7 39. Bg5 Rd6 40. Be3
Re6 41. Bd4 Ke7 42. Rf3 Kd7 43. Re3 Nd8 44. Rf3 Kc6 45. Rf1 Nb7 46. Rb1 Re7 47.
Rb4 Na5 48. Be3 Re6 49. Bd4 Re8 50. Be3 Kd6 51. Bf4+ Kc6 52. Be3 Kd7 53. Rb5
Kc6 54. Rb4 1/2-1/2

[Event "First Saturday 2010 marcius IM"]
[Site "Budapest"]
[Date "2010.03.06"]
[Round "1"]
[White "Kovacs, Lajos"]
[Black "Berczes, Csaba"]
[Result "0-1"]
[WhiteElo "2192"]
[BlackElo "2376"]
[PlyCount "132"]
[EventDate "2010.03.06"]

1. d4 Nf6 2. c4 e6 3. Nc3 Bb4 4. Qc2 O-O 5. a3 Bxc3+ 6. Qxc3 b6 7. Bg5 Bb7 8.
e3 d6 9. f3 Nbd7 10. Bd3 c5 11. Ne2 Rc8 12. Qb3 d5 13. Rc1 h6 14. Bh4 cxd4 15.
exd4 e5 16. cxd5 Rxc1+ 17. Nxc1 exd4 18. Qc4 Qe7+ 19. Kd1 Qe5 20. Bg3 Qxd5 21.
Qxd5 Nxd5 22. Bf2 Nf4 23. Bf1 Nc5 24. Rg1 Rc8 25. Kd2 Nce6 26. g3 Nd5 27. Nb3
Ne3 28. Bxe3 dxe3+ 29. Kxe3 Bd5 30. Nd4 Nxd4 31. Kxd4 Bxf3 32. Bc4 Rd8+ 33. Kc3
g5 34. Re1 Rd7 35. Re3 Bc6 36. Re5 Kg7 37. Bb3 Kf6 38. Re2 Kg7 39. Re5 Bb7 40.
a4 f6 41. Re8 f5 42. Rg8+ Kh7 43. Rf8 Be4 44. Bc4 h5 45. b4 h4 46. gxh4 gxh4
47. Rf7+ Rxf7 48. Bxf7 Kg7 49. Bc4 a5 50. bxa5 bxa5 51. Kd4 Kf6 52. Ke3 Ke5 53.
Bb5 f4+ 54. Kf2 Kd4 55. Bd7 Kc5 56. h3 Bc6 57. Bxc6 Kxc6 58. Kf3 Kc5 59. Kxf4
Kb4 60. Kg4 Kxa4 61. Kxh4 Kb4 62. Kg5 a4 63. h4 a3 64. h5 a2 65. Kg6 a1=Q 66.
Kh7 Qf6 0-1

[Event "First Saturday 2010 marcius IM"]
[Site "Budapest"]
[Date "2010.03.07"]
[Round "2"]
[White "Tran Tuan, Minh"]
[Black "Berczes, Csaba"]
[Result "0-1"]
[WhiteElo "2203"]
[BlackElo "2376"]
[PlyCount "90"]
[EventDate "2010.03.06"]

1. d4 Nf6 2. Bg5 d5 3. Bxf6 gxf6 4. e3 c5 5. Nf3 Qb6 6. Qc1 Nc6 7. c4 cxd4 8.
cxd5 Qa5+ 9. Qd2 Qxd2+ 10. Kxd2 dxe3+ 11. fxe3 Nb8 12. Nc3 a6 13. Bd3 Nd7 14.
b4 e6 15. a3 Bh6 16. Ke2 f5 17. e4 Bg7 18. Rac1 f4 19. dxe6 fxe6 20. Na4 b5 21.
Nc5 Ke7 22. Rc2 Rg8 23. Rhc1 Bb2 24. Rb1 Rxg2+ 25. Kd1 Rxc2 26. Kxc2 Nxc5 27.
Rxb2 Nxd3 28. Kxd3 Bb7 29. Re2 Rd8+ 30. Kc3 Rc8+ 31. Kd4 Kf6 32. Nd2 e5+ 33.
Kd3 Rd8+ 34. Kc3 Rd4 35. Re1 h5 36. h4 Bc8 37. Rf1 Rd6 38. Nb3 Bh3 39. Rf2 Rd1
40. Nc5 Ra1 41. Kb3 Be6+ 42. Nxe6 Kxe6 43. Rc2 Re1 44. Rc6+ Ke7 45. Rh6 Rxe4
0-1

[Event "First Saturday 2010 marcius IM"]
[Site "Budapest"]
[Date "2010.03.07"]
[Round "2"]
[White "Lengyel, Bela"]
[Black "Kovacs, Lajos"]
[Result "1/2-1/2"]
[WhiteElo "2267"]
[BlackElo "2192"]
[PlyCount "25"]
[EventDate "2010.03.06"]

1. d4 d5 2. c4 e6 3. Nc3 Nf6 4. Bg5 Be7 5. Nf3 O-O 6. e3 h6 7. Bh4 b6 8. Be2
Bb7 9. Bxf6 Bxf6 10. cxd5 exd5 11. b4 c5 12. bxc5 bxc5 13. Rb1 1/2-1/2

[Event "First Saturday 2010 marcius IM"]
[Site "Budapest"]
[Date "2010.03.07"]
[Round "2"]
[White "Kojima, Shinya"]
[Black "Arsenault, Nicholas"]
[Result "1-0"]
[WhiteElo "2312"]
[BlackElo "2153"]
[PlyCount "83"]
[EventDate "2010.03.06"]

1. e4 e6 2. d4 d5 3. Nd2 c5 4. Ngf3 Nf6 5. exd5 exd5 6. Bb5+ Bd7 7. Bxd7+ Nbxd7
8. O-O Be7 9. dxc5 Nxc5 10. Nb3 Nce4 11. Nfd4 Qd7 12. f3 Nd6 13. Nc5 Qc8 14.
Nd3 O-O 15. Re1 Bd8 16. Bg5 Bb6 17. Bxf6 gxf6 18. c3 Nf5 19. Kh1 Nxd4 20. cxd4
Bxd4 21. Nf4 Bxb2 22. Nxd5 Kg7 23. Rb1 Ba3 24. Qd3 Rd8 25. Rbd1 Bf8 26. Re4 Rd6
27. Rh4 h6 28. Qd2 f5 29. Qb2+ Kg6 30. Qb1 Kg7 31. Rf4 Qd7 32. Rxf5 Rd8 33.
Qb2+ Kg6 34. g4 Qc6 35. Qe5 Qc2 36. Nf4+ Kh7 37. Rxf7+ Kg8 38. Rxd6 Qb1+ 39.
Kg2 Qc2+ 40. Kh3 Rxd6 41. Rxf8+ Kxf8 42. Qxd6+ 1-0

[Event "First Saturday 2010 marcius IM"]
[Site "Budapest"]
[Date "2010.03.07"]
[Round "2"]
[White "Farago, Sandor"]
[Black "Lyell, Mark"]
[Result "1-0"]
[WhiteElo "2256"]
[BlackElo "2179"]
[PlyCount "69"]
[EventDate "2010.03.06"]

1. d4 f5 2. c4 Nf6 3. Nf3 g6 4. b3 Bg7 5. Bb2 O-O 6. g3 d6 7. Bg2 Qe8 8. O-O
Nc6 9. d5 Nd8 10. Nc3 Bd7 11. a4 c5 12. a5 Ng4 13. e3 Nf7 14. h3 Nge5 15. Ne1
g5 16. f4 Ng6 17. Nc2 Rb8 18. b4 cxb4 19. Nxb4 b5 20. cxb5 Bxb5 21. Rf2 Bc4 22.
Ra4 Qd7 23. Nca2 Bxa2 24. Bxg7 Kxg7 25. Qd4+ Kg8 26. Raxa2 Qb5 27. Nc6 Qb1+ 28.
Kh2 gxf4 29. exf4 Rb3 30. Ra1 Qd3 31. Qxd3 Rxd3 32. Nxa7 Rb8 33. Nc6 Rbb3 34.
a6 Rxg3 35. a7 1-0

[Event "First Saturday 2010 marcius IM"]
[Site "Budapest"]
[Date "2010.03.07"]
[Round "2"]
[White "Turzo, Attila"]
[Black "Baba, Masahiro"]
[Result "1-0"]
[WhiteElo "2290"]
[BlackElo "2213"]
[PlyCount "45"]
[EventDate "2010.03.06"]

1. e4 c5 2. Nc3 d6 3. f4 Nc6 4. Bb5 Bd7 5. Nf3 g6 6. O-O Bg7 7. d3 Nd4 8. Bxd7+
Qxd7 9. Nxd4 cxd4 10. Ne2 e6 11. f5 exf5 12. exf5 gxf5 13. Ng3 Ne7 14. Qh5 Rc8
15. Bg5 Be5 16. Bxe7 Qxe7 17. Nxf5 Qd7 18. Rae1 Rc7 19. Nxd6+ Qxd6 20. Rxe5+
Kf8 21. Rd5 Qe7 22. Qh6+ Ke8 23. Qg7 1-0

[Event "First Saturday 2010 marcius IM"]
[Site "Budapest"]
[Date "2010.03.07"]
[Round "2"]
[White "Nguyen Thi May, Hung"]
[Black "Szalanczy, Emil"]
[Result "1/2-1/2"]
[WhiteElo "2224"]
[BlackElo "2280"]
[PlyCount "104"]
[EventDate "2010.03.06"]

1. d4 c5 2. c3 Nf6 3. Nf3 g6 4. Bf4 Bg7 5. e3 O-O 6. Nbd2 d6 7. h3 Nc6 8. Be2
Nd5 9. Bh2 e5 10. O-O Nde7 11. dxc5 dxc5 12. Nc4 f6 13. Qb3 Kh8 14. Rfd1 Qc7
15. Nd6 Na5 16. Qb5 Be6 17. b4 cxb4 18. cxb4 Nac6 19. a3 a5 20. Bc4 Rfd8 21.
Bxe6 Rxd6 22. Bb3 Rad8 23. Rdc1 R8d7 24. Nd4 Nxd4 25. exd4 Nc6 26. d5 Nd4 27.
Rxc7 Nxb5 28. Rxd7 Rxd7 29. bxa5 Nd4 30. Ba2 Bf8 31. Rb1 Rc7 32. Rd1 Rc2 33.
Bb1 Rb2 34. Kf1 g5 35. f3 Bxa3 36. Bg1 Bd6 37. Bxd4 exd4 38. Be4 Rb4 39. Ke2 h5
40. Rb1 Rxb1 41. Bxb1 Bc7 42. Kd3 Bxa5 43. Kxd4 Bb6+ 44. Ke4 Kg7 45. Kf5 Kf7
46. d6 Bd4 47. Be4 b6 48. Bc6 Be5 49. Bd5+ Ke8 50. Ke6 Kd8 51. Bc6 h4 52. Bb5
Bc3 1/2-1/2

[Event "First Saturday 2010 marcius IM"]
[Site "Budapest"]
[Date "2010.03.08"]
[Round "3"]
[White "Szalanczy, Emil"]
[Black "Tran Tuan, Minh"]
[Result "1-0"]
[WhiteElo "2280"]
[BlackElo "2203"]
[PlyCount "48"]
[EventDate "2010.03.06"]

1. e4 e6 2. d4 d5 3. Nc3 Bb4 4. e5 b6 5. Nh3 Qd7 6. Nf4 Ba6 7. Bxa6 Nxa6 8. Qd3
Nb8 9. O-O Bf8 10. a4 c5 11. a5 c4 12. Qh3 b5 13. a6 Qc6 14. Ra5 b4 15. Ncxd5
exd5 16. Nxd5 Nd7 17. Bd2 Nb6 18. Nxb4 Bxb4 19. Bxb4 Rd8 20. Bd6 Rxd6 21. exd6
Qxd6 22. Re1+ Kf8 23. Rd5 Qc7 24. Qa3+ Ne7 1-0

[Event "First Saturday 2010 marcius IM"]
[Site "Budapest"]
[Date "2010.03.08"]
[Round "3"]
[White "Baba, Masahiro"]
[Black "Nguyen Thi May, Hung"]
[Result "0-1"]
[WhiteElo "2213"]
[BlackElo "2224"]
[PlyCount "96"]
[EventDate "2010.03.06"]

1. e4 c5 2. Nf3 d6 3. d4 cxd4 4. Nxd4 Nf6 5. Nc3 a6 6. Bc4 e6 7. Bb3 Be7 8. O-O
O-O 9. f4 Nbd7 10. Be3 Qc7 11. Qf3 Nc5 12. f5 e5 13. Nde2 Nxb3 14. axb3 b5 15.
Bg5 Bb7 16. Bxf6 Bxf6 17. Qd3 Rfc8 18. Rf2 b4 19. Nd5 Bxd5 20. Qxd5 Bg5 21. Kf1
Qc6 22. Qxc6 Rxc6 23. Ng1 Be3 24. Re2 Bxg1 25. Kxg1 Kf8 26. Kf2 Rac8 27. Rc1
Ke7 28. Ke3 Rc5 29. Rd2 f6 30. g4 g6 31. h4 gxf5 32. gxf5 Rg8 33. Kf3 h5 34. c4
bxc3 35. bxc3 Rg4 36. Rg2 Rxh4 37. Rg3 d5 38. exd5 Rxd5 39. Rg7+ Kd6 40. Ra1 a5
41. c4 Rd3+ 42. Kg2 Rxb3 43. Rxa5 Rxc4 44. Ra6+ Kd5 45. Rxf6 Rc2+ 46. Kh1 Ke4
47. Rf8 Rh3+ 48. Kg1 Kf3 0-1

[Event "First Saturday 2010 marcius IM"]
[Site "Budapest"]
[Date "2010.03.08"]
[Round "3"]
[White "Lyell, Mark"]
[Black "Turzo, Attila"]
[Result "1-0"]
[WhiteElo "2179"]
[BlackElo "2290"]
[PlyCount "73"]
[EventDate "2010.03.06"]

1. e4 c5 2. Nc3 g6 3. f4 Bg7 4. Nf3 Nc6 5. Bb5 Nd4 6. O-O e6 7. e5 a6 8. Bd3
Nxf3+ 9. Qxf3 d5 10. exd6 Qxd6 11. b3 Nf6 12. Ba3 O-O 13. Rae1 Rb8 14. Bb2 b5
15. Nd1 c4 16. Be4 Nxe4 17. Bxg7 Nxd2 18. Qc3 Nxf1 19. Rxf1 cxb3 20. Ne3 f5 21.
Rd1 b4 22. Qxb3 Qxd1+ 23. Nxd1 Kxg7 24. Nf2 Bb7 25. Qxe6 Be4 26. Nxe4 fxe4 27.
Qxe4 Rb5 28. g3 h5 29. Qc6 Rf6 30. Qd7+ Rf7 31. Qc6 Ra5 32. Qc4 Rd7 33. Qxb4
Rxa2 34. Qc3+ Kh7 35. f5 gxf5 36. Qf3 Kh6 37. Qc6+ 1-0

[Event "First Saturday 2010 marcius IM"]
[Site "Budapest"]
[Date "2010.03.08"]
[Round "3"]
[White "Arsenault, Nicholas"]
[Black "Farago, Sandor"]
[Result "0-1"]
[WhiteElo "2153"]
[BlackElo "2256"]
[PlyCount "68"]
[EventDate "2010.03.06"]

1. e4 c5 2. Nf3 d6 3. d4 cxd4 4. Nxd4 Nf6 5. Nc3 a6 6. Be2 g6 7. O-O Bg7 8. Re1
e5 9. Nb3 b5 10. Be3 Bb7 11. a4 b4 12. Nd5 Nxd5 13. exd5 Nd7 14. Qd2 a5 15. Bb5
O-O 16. Bxd7 Qxd7 17. Bb6 e4 18. Ra2 Qf5 19. Bxa5 Rfc8 20. Bxb4 e3 21. Qxe3
Qxd5 22. f3 Rxc2 23. Raa1 Rxb2 24. Rab1 Ra2 25. Rbd1 Qc4 26. Na5 Qc2 27. Qd2
Qxa4 28. Qxd6 Bf8 29. Qd4 Bxb4 30. Nxb7 Qc2 31. Qg4 h5 32. Qh3 Bxe1 33. Rxe1
Rb8 34. Rf1 Qc7 0-1

[Event "First Saturday 2010 marcius IM"]
[Site "Budapest"]
[Date "2010.03.08"]
[Round "3"]
[White "Kovacs, Lajos"]
[Black "Kojima, Shinya"]
[Result "1/2-1/2"]
[WhiteElo "2192"]
[BlackElo "2312"]
[PlyCount "94"]
[EventDate "2010.03.06"]

1. d4 d5 2. c4 c6 3. Nc3 Nf6 4. e3 e6 5. Nf3 a6 6. a3 c5 7. dxc5 Bxc5 8. b4 Ba7
9. Bb2 O-O 10. Be2 dxc4 11. Qxd8 Rxd8 12. Bxc4 b5 13. Bb3 Bb7 14. Ke2 Nbd7 15.
Rhd1 Nb6 16. Rxd8+ Rxd8 17. Rd1 Rxd1 18. Nxd1 Bd5 19. Bxd5 Nfxd5 20. Bd4 Bb8
21. Nd2 Na4 22. g3 e5 23. Ba1 f6 24. Kd3 Kf7 25. e4 Ne7 26. Nc3 Nxc3 27. Bxc3
Ba7 28. Ke2 Nc6 29. f4 exf4 30. gxf4 Bb8 31. Kf3 g5 32. e5 f5 33. fxg5 Nxe5+
34. Bxe5 Bxe5 35. Nb3 Bxh2 36. Nc5 Kg6 37. Nxa6 Kxg5 38. Nc5 Be5 39. a4 bxa4
40. Nxa4 Kf6 41. Nc5 Ke7 42. Nd3 Bb8 43. Ne1 h5 44. Ng2 Ke6 45. Ne3 h4 46. Nxf5
Kxf5 47. Kg2 Kf4 1/2-1/2

[Event "First Saturday 2010 marcius IM"]
[Site "Budapest"]
[Date "2010.03.09"]
[Round "4"]
[White "Tran Tuan, Minh"]
[Black "Lengyel, Bela"]
[Result "1/2-1/2"]
[WhiteElo "2203"]
[BlackElo "2267"]
[PlyCount "117"]
[EventDate "2010.03.06"]

1. d4 d5 2. Nf3 Nf6 3. c4 e6 4. Qc2 Be7 5. g3 O-O 6. Bg2 c6 7. O-O Nbd7 8. Nbd2
b6 9. e4 Bb7 10. e5 Ne8 11. cxd5 cxd5 12. Qd3 Nc7 13. Re1 a5 14. h4 Ba6 15. Qb1
Re8 16. Nf1 Qc8 17. Bg5 Bf8 18. Bf4 h6 19. g4 Bb4 20. Rc1 Nf8 21. Ng3 Qd7 22.
Nh5 Nh7 23. Bxh6 gxh6 24. Qxh7+ Kxh7 25. Nf6+ Kg7 26. Nxd7 Ra7 27. Nxb6 Be2 28.
a3 Be7 29. Rc2 Bd3 30. Rd2 Be4 31. Na4 Rb8 32. Kh2 Rb3 33. Nc3 Rab7 34. Ra2 Bh7
35. Bf1 Na8 36. Be2 Nb6 37. Bd1 Rxc3 38. bxc3 Nc4 39. Re2 Bb1 40. a4 Bxa2 41.
Rxa2 Rb1 42. Bc2 Rc1 43. Kg2 Na3 44. Bd3 Rxc3 45. Bf1 Rc1 46. Bd3 Bb4 47. g5
hxg5 48. hxg5 Rc3 49. Bf1 Rc1 50. Bd3 Kf8 51. Kg3 Rc3 52. Be2 Nc2 53. Kf4 Ba3
54. Kg4 Nb4 55. Rd2 Bc1 56. Rd1 Kg7 57. Bb5 Rc2 58. Ne1 Rc3 59. Nd3 1/2-1/2

[Event "First Saturday 2010 marcius IM"]
[Site "Budapest"]
[Date "2010.03.09"]
[Round "4"]
[White "Farago, Sandor"]
[Black "Kovacs, Lajos"]
[Result "0-1"]
[WhiteElo "2256"]
[BlackElo "2192"]
[PlyCount "110"]
[EventDate "2010.03.06"]

1. e4 d5 2. e5 c5 3. c3 Bf5 4. d4 Nc6 5. Nf3 Bxb1 6. Rxb1 e6 7. a3 c4 8. b3 b5
9. Be2 Nge7 10. O-O Nc8 11. Ng5 Qd7 12. f4 g6 13. g4 N8e7 14. Qe1 h6 15. Qh4
Bg7 16. Nh3 a6 17. Bd1 cxb3 18. Bxb3 h5 19. Ng5 hxg4 20. Qxg4 Nf5 21. Bc2 Na5
22. Rf3 Rc8 23. Bxf5 gxf5 24. Qg2 Nc4 25. a4 bxa4 26. Qa2 Bf8 27. Rh3 Rxh3 28.
Nxh3 a3 29. Ng5 Qa4 30. Nh7 Be7 31. Kf2 Kd7 32. Rb7+ Rc7 33. Rb3 Na5 34. Nf6+
Kc8 35. Rxa3 Bxa3 36. Qxa3 Qxa3 37. Bxa3 Rxc3 38. Bb4 Rc2+ 39. Kg3 Nc6 40. Bf8
Rc3+ 41. Kf2 Kd8 42. h4 Ne7 43. h5 a5 44. Ke2 a4 45. Kd2 Rh3 46. h6 Rh2+ 47.
Kc1 a3 48. Kb1 a2+ 49. Ka1 Nc6 50. Ba3 Rxh6 51. Kxa2 Nxd4 52. Bc1 Rh2+ 53. Ka3
Rc2 54. Bb2 Ne2 55. Nh5 Rc4 0-1

[Event "First Saturday 2010 marcius IM"]
[Site "Budapest"]
[Date "2010.03.09"]
[Round "4"]
[White "Turzo, Attila"]
[Black "Arsenault, Nicholas"]
[Result "1-0"]
[WhiteElo "2290"]
[BlackElo "2153"]
[PlyCount "81"]
[EventDate "2010.03.06"]

1. e4 e6 2. d4 d5 3. Nc3 Nf6 4. Bg5 dxe4 5. Nxe4 Be7 6. Bxf6 Bxf6 7. Nf3 Nd7 8.
g3 O-O 9. Bg2 e5 10. O-O exd4 11. Nxf6+ Nxf6 12. Qxd4 Qxd4 13. Nxd4 Rd8 14.
Rad1 Bg4 15. f3 Bd7 16. Rd2 c5 17. Ne2 Bc6 18. Rfd1 Rxd2 19. Rxd2 Kf8 20. Nc3
Ke7 21. f4 Bxg2 22. Kxg2 a6 23. Kf3 Rc8 24. g4 Rc6 25. g5 Ne8 26. Nd5+ Kf8 27.
c4 Nd6 28. Ne3 f6 29. gxf6 gxf6 30. b3 Kf7 31. Rd5 Kg6 32. Kg4 f5+ 33. Kf3 b5
34. Re5 bxc4 35. bxc4 Kf7 36. Ke2 Rc8 37. Kd3 Rd8 38. Rxc5 Ne4+ 39. Rd5 Nc5+
40. Kc3 Ne4+ 41. Kd4 1-0

[Event "First Saturday 2010 marcius IM"]
[Site "Budapest"]
[Date "2010.03.09"]
[Round "4"]
[White "Nguyen Thi May, Hung"]
[Black "Lyell, Mark"]
[Result "1-0"]
[WhiteElo "2224"]
[BlackElo "2179"]
[PlyCount "55"]
[EventDate "2010.03.06"]

1. d4 g6 2. Bf4 Bg7 3. e3 d6 4. Nf3 Nc6 5. Nc3 Nf6 6. Be2 Nh5 7. Bg5 h6 8. Bh4
g5 9. Bg3 Nxg3 10. hxg3 Bf5 11. Bd3 Qd7 12. Qe2 O-O-O 13. O-O-O Bxd3 14. Rxd3
Qf5 15. Kb1 e5 16. e4 Qg6 17. d5 Nd4 18. Nxd4 exd4 19. Nb5 Rde8 20. f3 f5 21.
Re1 fxe4 22. fxe4 Rhf8 23. a4 Re7 24. Nxa7+ Kd8 25. Rb3 Qe8 26. Nc6+ bxc6 27.
Rb8+ Kd7 28. Qg4+ 1-0

[Event "First Saturday 2010 marcius IM"]
[Site "Budapest"]
[Date "2010.03.09"]
[Round "4"]
[White "Szalanczy, Emil"]
[Black "Baba, Masahiro"]
[Result "1/2-1/2"]
[WhiteElo "2280"]
[BlackElo "2213"]
[PlyCount "206"]
[EventDate "2010.03.06"]

1. e4 c5 2. Nf3 d6 3. d4 cxd4 4. Nxd4 Nf6 5. Nc3 a6 6. Be3 e5 7. Nde2 Be6 8. f4
g6 9. g3 h5 10. h3 Nbd7 11. Bg2 Qc7 12. O-O Be7 13. b3 Nb6 14. a4 Rc8 15. a5
Na8 16. Rf2 h4 17. g4 Bxg4 18. hxg4 Nxg4 19. Nd5 Qxc2 20. Bh3 Nxf2 21. Kxf2
Qxe4 22. Ra4 Qc2 23. Qxc2 Rxc2 24. Rb4 Nc7 25. Nxe7 Kxe7 26. Rxb7 Kf6 27. Rb6
Ne6 28. Rxd6 Rd8 29. fxe5+ Kxe5 30. Rxa6 Rb2 31. Rb6 Rd3 32. a6 Ra2 33. a7 Rxe3
34. Kxe3 Rxa7 35. Bxe6 fxe6 36. Nd4 Kd5 37. Rxe6 Rh7 38. Rxg6 h3 39. Rg5+ Kd6
40. Nf5+ Kc5 41. Nd4+ Kd6 42. Rg1 h2 43. Rh1 Rh3+ 44. Nf3 Kc5 45. Ke2 Kb4 46.
Nd2 Kc3 47. Kd1 Rh8 48. Kc1 Rh3 49. Kd1 Rh8 50. Nf3 Kxb3 51. Ke2 Kc3 52. Kf2
Kb2 53. Nxh2 Kc2 54. Kg3 Ra8 55. Nf3 Rg8+ 56. Kf2 Re8 57. Rh5 Kd3 58. Rd5+ Kc4
59. Rd1 Kc5 60. Kg3 Kc4 61. Kf4 Re2 62. Nd2+ Kc5 63. Ne4+ Kc4 64. Ke5 Rh2 65.
Rc1+ Kb4 66. Kd4 Rh3 67. Rc4+ Kb5 68. Nc3+ Kb6 69. Nd5+ Kb7 70. Kc5 Rh1 71.
Rb4+ Kc8 72. Rg4 Kd7 73. Re4 Rc1+ 74. Kd4 Kd6 75. Ne3 Ra1 76. Nf5+ Kc6 77. Re6+
Kc7 78. Ne3 Ra4+ 79. Ke5 Ra1 80. Nd5+ Kd7 81. Rd6+ Kc8 82. Rc6+ Kb7 83. Rb6+
Ka7 84. Rb5 Rh1 85. Kd6 Rh6+ 86. Kc5 Rh1 87. Rb3 Ra1 88. Kc6 Rc1+ 89. Nc3 Rh1
90. Nb5+ Kb8 91. Nd6+ Ka8 92. Rb4 Rc1+ 93. Nc4 Ka7 94. Kc7 Ka6 95. Rb6+ Ka7 96.
Rc6 Rh1 97. Rc5 Rh7+ 98. Kc6 Rh6+ 99. Nd6 Rh1 100. Ra5+ Kb8 101. Rb5+ Ka8 102.
Ne8 Rh6+ 103. Kd7 Rh7+ 1/2-1/2

[Event "First Saturday 2010 marcius IM"]
[Site "Budapest"]
[Date "2010.03.10"]
[Round "5"]
[White "Baba, Masahiro"]
[Black "Tran Tuan, Minh"]
[Result "0-1"]
[WhiteElo "2213"]
[BlackElo "2203"]
[PlyCount "108"]
[EventDate "2010.03.06"]

1. e4 e6 2. d4 d5 3. Nd2 h6 4. Ngf3 Nf6 5. e5 Nfd7 6. Bd3 c5 7. c3 Nc6 8. O-O
g5 9. dxc5 Ncxe5 10. Nxe5 Nxe5 11. Nb3 Qc7 12. Re1 Bd7 13. Be3 O-O-O 14. Bd4 f6
15. a4 Bg7 16. Bb5 Rhe8 17. Qh5 Re7 18. Nd2 Nc6 19. Bxc6 Bxc6 20. f3 e5 21. Bf2
f5 22. b4 Qd7 23. b5 Qe8 24. Qh3 Bd7 25. c6 bxc6 26. bxc6 Be6 27. f4 e4 28. Qg3
Qxc6 29. fxg5 Qc7 30. gxh6 Bxh6 31. Qxc7+ Rxc7 32. Nb3 f4 33. Bd4 Rg8 34. Kh1
Bf5 35. Be5 Re7 36. Bd6 Reg7 37. Ra2 e3 38. Nc5 Rg6 39. Be5 Bf8 40. Nb3 Bd6 41.
Bxd6 Rxd6 42. Nd4 Be4 43. Rf1 Rdg6 44. Nf3 e2 45. Rxe2 Bd3 46. Rfe1 Bxe2 47.
Rxe2 Rc6 48. h3 Rxc3 49. Re7 Rc1+ 50. Kh2 Rc2 51. Ne1 Ra2 52. Rxa7 f3 53. Nxf3
Rgxg2+ 54. Kh1 Rgf2 0-1

[Event "First Saturday 2010 marcius IM"]
[Site "Budapest"]
[Date "2010.03.10"]
[Round "5"]
[White "Lyell, Mark"]
[Black "Szalanczy, Emil"]
[Result "0-1"]
[WhiteElo "2179"]
[BlackElo "2280"]
[PlyCount "71"]
[EventDate "2010.03.06"]

1. e4 c5 2. Nc3 Nc6 3. Bb5 Nd4 4. Bc4 e6 5. Nge2 Nf6 6. O-O a6 7. d3 Qc7 8. a4
b6 9. Be3 Ng4 10. Bf4 Nxe2+ 11. Nxe2 Bd6 12. h3 Ne5 13. Bxe5 Bxe5 14. c3 Bb7
15. f4 Bf6 16. Ng3 d5 17. exd5 exd5 18. Bb3 O-O-O 19. d4 g6 20. Qd2 Rhe8 21.
Bd1 Kb8 22. Bf3 Re7 23. Ne2 Rde8 24. a5 b5 25. dxc5 Qxc5+ 26. Nd4 h5 27. Rad1
h4 28. Kh1 Qc4 29. f5 g5 30. Rfe1 Qc7 31. Rxe7 Rxe7 32. Re1 Qxa5 33. Rxe7 Bxe7
34. Qe1 Bf6 35. Nb3 Qd8 36. Nd4 0-1

[Event "First Saturday 2010 marcius IM"]
[Site "Budapest"]
[Date "2010.03.10"]
[Round "5"]
[White "Arsenault, Nicholas"]
[Black "Nguyen Thi May, Hung"]
[Result "0-1"]
[WhiteElo "2153"]
[BlackElo "2224"]
[PlyCount "102"]
[EventDate "2010.03.06"]

1. e4 c5 2. Nf3 d6 3. d4 cxd4 4. Nxd4 Nf6 5. Nc3 a6 6. Be3 e5 7. Nb3 Be6 8. f3
Be7 9. Qd2 O-O 10. O-O-O Nbd7 11. g4 b5 12. g5 b4 13. Ne2 Nh5 14. Ng3 Nf4 15.
h4 a5 16. Kb1 a4 17. Nc1 b3 18. cxb3 axb3 19. Nf5 bxa2+ 20. Ka1 Nc5 21. Bxc5
dxc5 22. Qc2 Qc7 23. Bc4 Bxc4 24. Qxc4 Rfb8 25. Nd3 Nxd3 26. Rxd3 Bf8 27. Ne3
Qc6 28. Qc3 Qb5 29. Rd5 Ra4 30. Rc1 Rb4 31. Rc2 Rb3 32. Qd2 Qa4 33. Rd3 Rxd3
34. Qxd3 Rb3 35. Qd2 Qd4 36. Qxd4 exd4 37. Nc4 Rxf3 38. Rh2 Rf4 39. e5 h6 40.
gxh6 g6 41. Kxa2 Kh7 42. Kb3 Kxh6 43. Kc2 Rf3 44. Kd2 Be7 45. Ke2 Rb3 46. Kd2
f6 47. Kc2 Rg3 48. exf6 Bxf6 49. Nd2 Be7 50. Ne4 Re3 51. Nd2 Kh5 0-1